01209nam a2200229 a 450000100100000000500170001000800410002702000180006804000250008608200150011110000450012624500470017126000360021830000210025450000710027595201280034695201280047495201280060295201130073095201190084399900170096200004589720201002052517.0150526s2015 dr 000 0 spa d a9789945895858 aDO-SdBNPbspacBNPHU axxxxbxxxx1 aRomán R., Rafael Antoniod1963-91173510aÉxtasis y vida /cRafael Ant. Román R. aSanto Domingo :bBúho,c2015. a118 p. ;c14 cm. aIncluye datos biográficos del autor en la solapa de la cubierta. 001054708DSaGRbGRcCTd2015-05-26iLF1l0oxxxx xxxxp45897-30r2020-06-25te. 3w2020-06-25yLFDSZPréstamo en sala 001054708DSaGRbGRcCTd2015-06-05iLF1l0oxxxx xxxxp45897-40r2020-06-25te. 4w2020-06-25yLFDSZPréstamo en sala 001054708DSaGRbGRcCTd2015-06-05iLF1l0oxxxx xxxxp45897-50r2020-06-25te. 5w2020-06-25yLFDSZPréstamo en sala 0010718PDaPDbPDcCTd2015-05-26iLF1l0oxxxx xxxxp45897-10r2020-06-25w2020-06-25yLFPDZNo se presta 0010718PDaPDbPDcCTd2015-05-26iLF1l0oxxxx xxxxp45897-20r2020-06-25te. 2w2020-06-25yLFPDZNo se presta c45386d45386